00484nam a2200169Ia 4500003000900000008004100009020002200050040001600072080001700088100001900105245010300124250001200227260003400239300001400273650001300287650001400300IN-BaIIA211028s9999 xx 000 0 eng d a978-3-540-63203-0 cIIA Library a12:01.0bSTR aStrobl, Gert R 4aThe Physics of polymersbconcepts for understanding their structures and behaviourcGert R. Strobl a2nd ed. aBerlinbSpringer-Verlagc1997 axi, 439p. aPolymers aStructure